Real Salt Lake / (Record no. 367769)
[ view plain ]
| 000 -LEADER | |
|---|---|
| fixed length control field | 01978cam a2200469 a 4500 |
| 001 - CONTROL NUMBER | |
| control field | 21757870 |
| 005 - DATE AND TIME OF LATEST TRANSACTION | |
| control field | 20211117160710.0 |
| 008 - FIXED-LENGTH DATA ELEMENTS--GENERAL INFORMATION | |
| fixed length control field | 201015t20212022mnua j b 001 0 eng d |
| 010 ## - LIBRARY OF CONGRESS CONTROL NUMBER | |
| LC control number | 2020948224 |
| 020 ## - INTERNATIONAL STANDARD BOOK NUMBER | |
| International Standard Book Number | 1532194811 |
| Qualifying information | (hardcover) |
| 020 ## - INTERNATIONAL STANDARD BOOK NUMBER | |
| International Standard Book Number | 9781532194818 |
| Qualifying information | (hardcover) |
| 035 ## - SYSTEM CONTROL NUMBER | |
| System control number | (OCoLC)on1240773910 |
| 040 ## - CATALOGING SOURCE | |
| Original cataloging agency | YDX |
| Language of cataloging | eng |
| Transcribing agency | YDX |
| Modifying agency | BDX |
| -- | DCB |
| -- | OCLCO |
| -- | OCLCF |
| -- | DLC |
| Description conventions | rda |
| 042 ## - AUTHENTICATION CODE | |
| Authentication code | lccopycat |
| 043 ## - GEOGRAPHIC AREA CODE | |
| Geographic area code | n-us-ut |
| 050 00 - LIBRARY OF CONGRESS CALL NUMBER | |
| Classification number | GV943.6.S235 |
| Item number | M78 2021 |
| 082 ## - DEWEY DECIMAL CLASSIFICATION NUMBER | |
| Classification number | J 796 Moussavi |
| 092 ## - LOCALLY ASSIGNED DEWEY CALL NUMBER (OCLC) | |
| Classification number | J 796 |
| 100 1# - MAIN ENTRY--PERSONAL NAME | |
| Personal name | Moussavi, Sam, |
| Relator term | author. |
| 9 (RLIN) | 5722709 |
| 245 10 - TITLE STATEMENT | |
| Title | Real Salt Lake / |
| Statement of responsibility, etc | by Sam Moussavi. |
| 264 #1 - Production, Publication, Distribution, Manufacture, and Copyright Notice. | |
| Place of production, publication, distribution, manufacture | Minneapolis, Minnesota : |
| Name of producer, publisher, distributor, manufacturer | SportsZone, an imprint of Abdo Publishing, |
| Date of production, publication, distribution, manufacture, or copyr | [2021] |
| 264 #4 - Production, Publication, Distribution, Manufacture, and Copyright Notice. | |
| Date of production, publication, distribution, manufacture, or copyr | ©2022 |
| 300 ## - PHYSICAL DESCRIPTION | |
| Extent | 48 pages : |
| Other physical details | color illustrations ; |
| Dimensions | 24 cm |
| 336 ## - Content Type | |
| Content type term | text |
| 336 ## - Content Type | |
| Content type term | still image |
| 337 ## - Media type | |
| Media type term | unmediated |
| 338 ## - Carrier type | |
| Carrier type term | volume |
| 490 1# - SERIES STATEMENT | |
| Series statement | Inside MLS |
| 504 ## - BIBLIOGRAPHY, ETC. NOTE | |
| Bibliography, etc | Includes bibliographical references (page 47) and index. |
| 520 ## - SUMMARY, ETC. | |
| Summary, etc | Introduces soccer fans to the history of one of the top MLS clubs, Real Salt Lake. The title features informative sidebars, exciting photos, a timeline, team facts, a glossary, and an index. Aligned to Common Core Standards and correlated to state standards. --|cAdapted from Amazon. |
| 610 20 - SUBJECT ADDED ENTRY--CORPORATE NAME | |
| Corporate name or jurisdiction name as entry element | Real Salt Lake (Soccer team) |
| General subdivision | History |
| Form subdivision | Juvenile literature. |
| 9 (RLIN) | 6434182 |
| 650 #0 - SUBJECT ADDED ENTRY--TOPICAL TERM | |
| Topical term or geographic name as entry element | Soccer teams |
| Geographic subdivision | Utah |
| -- | Salt Lake City |
| General subdivision | History |
| Form subdivision | Juvenile literature. |
| 9 (RLIN) | 6434183 |
| 650 #7 - SUBJECT ADDED ENTRY--TOPICAL TERM | |
| Topical term or geographic name as entry element | Soccer teams. |
| Source of heading or term | fast |
| 651 #7 - SUBJECT ADDED ENTRY--GEOGRAPHIC NAME | |
| Geographic name | Utah |
| Geographic subdivision | Salt Lake City. |
| Source of heading or term | fast |
| 9 (RLIN) | 5772695 |
| 655 #7 - INDEX TERM--GENRE/FORM | |
| Genre/form data or focus term | History. |
| Source of term | fast |
| 9 (RLIN) | 5675940 |
| 655 #7 - INDEX TERM--GENRE/FORM | |
| Genre/form data or focus term | Juvenile works. |
| Source of term | fast |
| 9 (RLIN) | 5673941 |
| 830 #0 - SERIES ADDED ENTRY--UNIFORM TITLE | |
| Uniform title | Inside MLS. |
| 9 (RLIN) | 6434184 |
| 906 ## - LOCAL DATA ELEMENT F, LDF (RLIN) | |
| a | 7 |
| b | cbc |
| c | copycat |
| d | 2 |
| e | ncip |
| f | 20 |
| g | y-gencatlg |
| 942 ## - ADDED ENTRY ELEMENTS (KOHA) | |
| Source of classification or shelving scheme | Dewey Decimal Classification |
| Koha item type | BOOK |
| Withdrawn status | Lost status | Source of classification or shelving scheme | Damaged status | Not for loan | Collection code | Home library | Current library | Shelving location | Date acquired | Source of acquisition | Total Checkouts | Total Renewals | Full call number | Barcode | Date last seen | Date checked out | Cost, replacement price | Price effective from | Koha item type |
|---|---|---|---|---|---|---|---|---|---|---|---|---|---|---|---|---|---|---|---|
| Dewey Decimal Classification | Junior NonFiction | Wasatch County Library | Wasatch County Library | Second Floor | 01/06/2022 | Rainbow Books | 4 | 4 | J 796 Mou | 34301001889593 | 12/26/2025 | 10/21/2024 | 21.95 | 01/06/2022 | BOOK |
